01221nam a2200193Ia 4500001001000000003001000010008004100020040002500061041002500086100002900111245011400140250001100254260008500265300001100350500025900361501011400620520025900734650003400993L235-9021IT-CnALBA170116s9999||||xx |||||||||||||| ||und|| aIT-CnALBAcIT-CnALBA aLATINO - MULTILINGUE aCAESENATEN. SEU MUTILEN. 0aBEATIFICATIONIS ET CANONIZATIONIS SERVAE DEI MARIAE THERESIAE LEGA, FUNDATRICIS... - POSITIO SUPER SCRIPTIS.  a1a ed. a ROMAbBELLI E GUERRA TIPOGRAFIA c1965 [1° Ed.:1965 - Ed.Ling.Originale: 1965] a46 p.  aCONGREGAZIONE DEI RITI. RELATORE CARDINAL ALOISI MASELLA. SUGLI SCRITTI DI MARIA TERESA LEGA, FONDATRICE DELLE SUORE DELLA S. FAMIGLIA DEL TERZ'ORDINE FRANCESCANO. GIUDIZIO DEL PRIMO, SECONDO E TERZO TEOLOGO CENSORE. RESCRITTO RSC. RISPOSTA DEL PATRONO.  aSocietà San Paolo EM - Piazza San Paolo, 14 - 12051 ALBA (CN) (non commercial uses only) ® Copyright 2017 aCONGREGAZIONE DEI RITI. RELATORE CARDINAL ALOISI MASELLA. SUGLI SCRITTI DI MARIA TERESA LEGA, FONDATRICE DELLE SUORE DELLA S. FAMIGLIA DEL TERZ'ORDINE FRANCESCANO. GIUDIZIO DEL PRIMO, SECONDO E TERZO TEOLOGO CENSORE. RESCRITTO RSC. RISPOSTA DEL PATRONO.  aMARIA SS. ANGELI SANTI DEMONI